JRの車両基地 - Statistics

General Stats
  • This quiz has been taken 206 times
    205 since last reset
  • The average score is 37 of 83
Answer Stats
支社 電略号 % Correct
モリ
83%
モリ
83%
アキ
76%
セン
75%
ヤマ
72%
トウ
71%
トウ
71%
トウ
71%
タカ
69%
ハコ
68%
オカ
68%
シス
65%
マツ
65%
シン
63%
ヒロ
63%
アサ
61%
クシ
61%
カツ
61%
トタ
61%
ミツ
61%
マリ
61%
コツ
61%
カキ
61%
ナノ
59%
ニイ
58%
サワ
56%
クラ
54%
クマ
53%
クマ
53%
キト
52%
ケヨ
51%
ナコ
50%
ナラ
50%
トク
50%
ハカ
48%
ヒネ
47%
ハエ
46%
カコ
46%
サキ
46%
オイ
46%
鹿 カコ
46%
マト
45%
セキ
45%
ナホ
44%
ツル
44%
ホシ
44%
トリ
42%
コチ
42%
ナハ
40%
トヤ
39%
イモ
39%
スイ
38%
モト
36%
コリ
35%
サイ
35%
カマ
35%
ミフ
35%
ココ
34%
ミハ
33%
サウ
31%
アオ
31%
アカ
31%
オサ
30%
フチ
30%
カタ
28%
オク
27%
シマ
27%
トマ
24%
ミオ
23%
ニツ
20%
ハク
20%
カラ
20%
フイ
18%
ハタ
18%
イチ
17%
トカ
17%
ハシ
16%
鹿 ミサ
15%
カメ
14%
ハヘ
13%
コミ
13%
チク
13%
クチ
12%
No matching quizzes found
Score Distribution
Percent of People with Each Score
Percentile by Number Answered
Your Score History
You have not taken this quiz since the last reset